Представление документа в формате RUSMARC

ПолеНазваниеЗначение
  Тип записи a
  Библиографический уровень m
001 Контрольный номер RU/SLIB/B/208710211
005 Дата корректировки 20221107090240.2
010 Индекс ISBN __
d Цена 15-00; 1-68
101 Язык документа 0_
a Язык текста rus
c Язык оригинала rus
200 Заглавие и сведения об ответственности 1_
a Заглавие 100 опер
e Сведения, относящиеся к заглавию история создания. Сюжет. Музыка : для ст. шк. возраста
f Первые сведения об ответственности [Г. Абрамовский и др. ; предисл. М. Друскина]
b Общее обозначение материала Текст
205 Сведения об издании __
a Основные сведения об издании 6-е изд.
210 Выходные данные 1_
a Место издания Л.
c Издательство Музыка, Ленингр. отд-ние
d Дата издания 1976
215 Физическое описание __
a Объем 480 с.
320 Библиография __
a Библиография Крат. слов. муз. терм.: с. 461-475. - Алф. указ.: с. 476-477
330 Аннотация __
a Аннотация В книге рассказывается об истории создания, содержании и музыке наиболее популярных опер русских и зарубежных классиков, а также современных иностранных и советских композиторов, даны краткие биографии авторов этих опер.
517 Другие варианты заглавия 1_
a Другие варианты заглавия Сто опер : история создания. Сюжет. Музыка
606 Тематические рубрики __
a Основная рубрика Музыка и зрелищные искусства
606 Тематические рубрики __
a Основная рубрика Сценическая музыка
610 Ключевые слова 0_
a Ключевые слова персоналии; оперы; оперная музыка; либретто
686 Индексы других классификаций __
2 Код системы rubbks
a Классификационный индекс 85.317; ст85.31
702 Вторичная интеллектуальная ответственность _1
a Фамилия Абрамовский
b Имя Г.
4 Код отношения Автор
4 Код отношения 070
702 Вторичная интеллектуальная ответственность _1
a Фамилия Друскин
b Имя М.
4 Код отношения Автор предисловия
4 Код отношения 080
801 Источник записи _0
a Страна RU
b Организация Муниципальное бюджетное учреждение культуры "Централизованная библиотечная система" г. Сургут (Центральная городская библиотека им. А. С. Пушкина)
g Правила каталогизации ОБ/Котельникова
801 Источник записи _1
a Страна RU
b Организация Муниципальное бюджетное учреждение культуры "Централизованная библиотечная система" г. Сургут (Центральная городская библиотека им. А. С. Пушкина)
g Правила каталогизации ОБ/Котельникова
852 Данные о местонахождении __
j Шифр хранения 85.317
c Каталожный индекс ст85.31
i Авторский знак С 81
p Инвентарный номер 66980
901 Тип документа __
t Тип документа m
903 Характеристики (МАРС) __
a Дата передачи 20090327; 19980316
969 Тип издания __
a Тип издания энциклопедия
990 Данные о заказе (DOS) __
j Количество экземпляров (DOS) 1
t N записи в КСУ для И/У (DOS) 199801